000 00332 a2200157 4500
001 71998
020 _a8508053495
040 _cAnchieta - Colégio São Paulo
100 _aRagache, Gilles
240 1 0 _aOs vikings
_lpor
245 1 0 _aOs vikings
300 _a47
362 0 _a1998
650 4 _aLiteratura juvenil
942 _cBK
999 _c71998
_d71998